[Event "ESP-ch U14 rapid"]
[Site "Salobrena"]
[Date "2023.07.22"]
[Round "4"]
[White "Tafall Villanueva, Iker"]
[Black "Asensio Miranda, Carlos"]
[Result "0-1"]
[WhiteElo "1316"]
[BlackElo "1649"]
[PlyCount "130"]
[EventDate "2023.07.22"]
[EventType "swiss (rapid)"]
[EventRounds "9"]
[EventCountry "ESP"]
[SourceTitle "EXT 2024"]
[Source "ChessBase"]
[SourceDate "2023.10.10"]
[SourceVersion "1"]
[SourceVersionDate "2023.10.10"]
[SourceQuality "1"]

1. e4 c6 2. Nf3 d5 3. Nc3 Bg4 4. Be2 Nf6 5. e5 Nfd7 6. d4 e6 7. h3 Bxf3 8. Bxf3 c5 9. Bf4 Nc6 10. 0-0 Nxd4 11. a4 Be7 12. Re1 0-0 13. Nb5 Nxb5 14. axb5 Qb6 15. Be2 c4 16. b3 cxb3 17. cxb3 Bc5 18. Bg3 Bd4 19. Rc1 Bxe5 20. Bxe5 Nxe5 21. Qc2 Ng6 22. Qc7 Rac8 23. Qxc8 Rxc8 24. Rxc8+ Nf8 25. Rec1 g6 26. Re8 Kg7 27. Re7 Qa5 28. Rcc7 Qa1+ 29. Bf1 Qf6 30. Rxb7 Kh6 31. Rxf7 Qd8 32. Rxa7 d4 33. Bd3 e5 34. Kh1 e4 35. Bxe4 d3 36. Bxd3 Qxd3 37. Rxf8 Qd1+ 38. Kh2 Qd6+ 39. g3 Qxf8 40. Kg2 Qb8 41. Ra5 Qb6 42. b4 Kg7 43. Kg1 Qd4 44. Ra6 Qxb4 45. b6 Kh6 46. Kg2 Qe4+ 47. Kg1 Qb7 48. Ra4 Qxb6 49. Rf4 g5 50. Rg4 Qe6 51. Rd4 Qxh3 52. Rd6+ Kg7 53. Rd5 Qg4 54. Rd2 h5 55. Kh2 h4 56. Rb2 Qf3 57. Rc2 Qf5 58. Rd2 h3 59. Rb2 g4 60. f4 gxf3 61. Rf2 Qg4 62. Rd2 Qe6 63. Rf2 Qe2 64. Kg1 Qe1+ 65. Rf1 Qxg3+ 0-1

[Event "ESP-ch U14"]
[Site "Salobrena"]
[Date "2023.07.21"]
[Round "7"]
[White "Molina Gil, Noah"]
[Black "Tafall Villanueva, Iker"]
[Result "0-1"]
[WhiteElo "1795"]
[BlackElo "1635"]
[PlyCount "74"]
[EventDate "2023.07.17"]
[EventType "swiss"]
[EventRounds "9"]
[EventCountry "ESP"]
[SourceTitle "EXT 2024"]
[Source "ChessBase"]
[SourceDate "2023.10.10"]
[SourceVersion "1"]
[SourceVersionDate "2023.10.10"]
[SourceQuality "1"]

1. Nf3 Nf6 2. e3 g6 3. b3 Bg7 4. Bb2 d6 5. d4 0-0 6. Be2 Nc6 7. 0-0 Nd7 8. Qc1 e5 9. dxe5 Ndxe5 10. c4 Nxf3+ 11. Bxf3 Bxb2 12. Qxb2 Ne5 13. Be2 Qe7 14. Nc3 c6 15. Rad1 Be6 16. Ne4 Rfd8 17. Nxd6 Rxd6 18. Qxe5 Rad8 19. Qa1 Rd2 20. Bf3 Qa3 21. Qf6 Qxa2 22. Qxd8+ Rxd8 23. Rxd8+ Kg7 24. Rd3 b5 25. Rc3 Qb2 26. Rfc1 b4 27. R3c2 Qxb3 28. Bxc6 Qa3 29. Rb1 Qd3 30. Rcc1 b3 31. Bb5 Qd2 32. Rd1 Qb4 33. Ba6 Bf5 34. Rb2 Qa3 35. Re2 Qxa6 36. Ree1 Bc2 37. Ra1 Qxc4 0-1

[Event "ESP-ch U14"]
[Site "Salobrena"]
[Date "2023.07.19"]
[Round "4"]
[White "Tafall Villanueva, Iker"]
[Black "Sarasketa Irastortza, Oier"]
[Result "1/2-1/2"]
[WhiteElo "1635"]
[BlackElo "1781"]
[PlyCount "69"]
[EventDate "2023.07.17"]
[EventType "swiss"]
[EventRounds "9"]
[EventCountry "ESP"]
[SourceTitle "EXT 2024"]
[Source "ChessBase"]
[SourceDate "2023.10.10"]
[SourceVersion "1"]
[SourceVersionDate "2023.10.10"]
[SourceQuality "1"]

1. e4 e5 2. Nf3 Nc6 3. Bc4 Bc5 4. c3 Nf6 5. d3 d6 6. Bb3 0-0 7. 0-0 a6 8. a4 Ba7 9. Be3 Ne7 10. Bxa7 Rxa7 11. Nbd2 Ng6 12. d4 Ra8 13. Qc2 h6 14. Rad1 Qe7 15. Rfe1 Re8 16. h3 Nh5 17. Nf1 Qf6 18. Kh2 Be6 19. Ng3 Nxg3 20. fxg3 Rad8 21. d5 Bc8 22. a5 Ne7 23. Rf1 Rf8 24. Rf2 g6 25. Rdf1 Qg7 26. Bc4 f5 27. Bd3 fxe4 28. Bxe4 Bf5 29. c4 Bxe4 30. Qxe4 Rf7 31. Nd2 Rdf8 32. Rxf7 Rxf7 33. Rxf7 Qxf7 34. Qf3 Qxf3 35. gxf3 1/2-1/2